<?xml version="1.0" encoding="UTF-8"?><?xml-stylesheet type="text/xsl" href="static/style.xsl"?><OAI-PMH xmlns="http://www.openarchives.org/OAI/2.0/" xmlns:xsi="http://www.w3.org/2001/XMLSchema-instance" xsi:schemaLocation="http://www.openarchives.org/OAI/2.0/ http://www.openarchives.org/OAI/2.0/OAI-PMH.xsd"><responseDate>2026-06-29T02:07:00Z</responseDate><request verb="GetRecord" identifier="oai:docta.ucm.es:20.500.14352/116387" metadataPrefix="marc">https://docta.ucm.es/rest/oai/request</request><GetRecord><record><header><identifier>oai:docta.ucm.es:20.500.14352/116387</identifier><datestamp>2025-03-18T15:23:01Z</datestamp><setSpec>com_20.500.14352_14</setSpec><setSpec>col_20.500.14352_15</setSpec></header><metadata><record xmlns="http://www.loc.gov/MARC21/slim" xmlns:dcterms="http://purl.org/dc/terms/" xmlns:xsi="http://www.w3.org/2001/XMLSchema-instance" xmlns:doc="http://www.lyncode.com/xoai" xsi:schemaLocation="http://www.loc.gov/MARC21/slim http://www.loc.gov/standards/marcxml/schema/MARC21slim.xsd">
   <leader>00925njm 22002777a 4500</leader>
   <datafield ind2=" " ind1=" " tag="042">
      <subfield code="a">dc</subfield>
   </datafield>
   <datafield ind2=" " ind1=" " tag="720">
      <subfield code="a">Furnica Slusaru, Ioana Aída</subfield>
      <subfield code="e">author</subfield>
   </datafield>
   <datafield ind2=" " ind1=" " tag="260">
      <subfield code="c">2022-10-20</subfield>
   </datafield>
   <datafield ind2=" " ind1=" " tag="520">
      <subfield code="a">Actualmente nos encontramos completamente inmersos en una sociedad capitalista y consumista. En nuestro día a día utilizamos un sinfín de objetos, algunos los desechamos en poco tiempo, y otros forman parte de nuestra rutina y cotidianeidad. Diseñadores, sociólogos y psicólogos han escrito a lo largo del tiempo sobre las relaciones que establecemos con los objetos. Algunos hablan de relaciones emocionales, mientras que otros valoran solo la función del objeto. La actual ponencia pretende investigar esa relación entre el objeto y el consumidor, teniendo en cuenta la sociedad en la que vivimos. Se trata de buscar, analizar y clasificar cada criterio para encontrar una herramienta de comprensión y organización jerárquica con la que el individuo pueda ordenar los estímulos circundantes dentro de su mundo de valores y conceptos, teniendo en cuenta la psicología de los objetos y cómo están diseñados para que jueguen un papel tan importante en nuestras vidas.</subfield>
   </datafield>
   <datafield ind2=" " ind1=" " tag="520">
      <subfield code="a">We are currently completely immersed in a capitalist and consumerist society. In our day to day we use endless number of objects, some of them we discard in a short time, and others are part of our routine and daily life. Designers, sociologists, and psychologists have written about the relationships we establish with objects. Some speak of emotional relationships, while others value only the function of the object. The current paper aims to investigate this relationship between the object and the consumer, taking into account the society in which we live. It is about searching, analyzing and classifying criteria to find a tool for understanding and creating a hierarchical organization with which the individual can order the surrounding stimuli within his world of values and concepts, taking into account the psychology of the objects and how they are designed to play such an important role in our lives.</subfield>
   </datafield>
   <datafield ind1="8" ind2=" " tag="024">
      <subfield code="a">APA</subfield>
   </datafield>
   <datafield ind1="8" ind2=" " tag="024">
      <subfield code="a">2340-6062</subfield>
   </datafield>
   <datafield ind1="8" ind2=" " tag="024">
      <subfield code="a">https://hdl.handle.net/20.500.14352/116387</subfield>
   </datafield>
   <datafield ind1="8" ind2=" " tag="024">
      <subfield code="a">https://dialnet.unirioja.es/servlet/articulo?codigo=8757553</subfield>
   </datafield>
   <datafield ind2="0" ind1="0" tag="245">
      <subfield code="a">Diseño y comunicación: del objeto a la interfaz. Patrones de consumismo en la actualidad.</subfield>
   </datafield>
   <datafield ind2="0" ind1="0" tag="245">
      <subfield code="a">Design and comunication: from the object to the interface. Patterns of today´s consumerism.</subfield>
   </datafield>
</record></metadata></record></GetRecord></OAI-PMH>